UBT Library

QUANTUM MECHANICS IN SIMPLE MATRIX FROM (Record no. 60418)

000 -LEADER
fixed length control field 00330nam a22001457a 4500
008 - FIXED-LENGTH DATA ELEMENTS--GENERAL INFORMATION
fixed length control field 231004b ||||| |||| 00| 0 eng d
020 ## - INTERNATIONAL STANDARD BOOK NUMBER
International Standard Book Number 0471817511
041 ## - LANGUAGE CODE
Language code of text/sound track or separate title eng
080 ## - UNIVERSAL DECIMAL CLASSIFICATION NUMBER
Universal Decimal Classification number 53
082 ## - DEWEY DECIMAL CLASSIFICATION NUMBER
Classification number 53JOR
100 ## - Rafti
Rafti 23
101 ## - Shkurtesa
Shkurtesa MATE
245 ## - TITLE STATEMENT
Title QUANTUM MECHANICS IN SIMPLE MATRIX FROM
Statement of responsibility, etc JORDAN .E.TH
942 ## - ADDED ENTRY ELEMENTS (KOHA)
Source of classification or shelving scheme
Item type Books
Holdings
Withdrawn status Lost status Source of classification or shelving scheme Damaged status Not for loan Collection code Permanent location Current location Date acquired Total Checkouts Full call number Barcode Date last seen Price effective from Koha item type
          Koleksioni i përgjithshem UBT - Lipjan UBT - Lipjan 10/04/2023   53JOR 002-800070388 10/04/2023 10/04/2023 Books
UBT Library © 2015-2024. All rights reserved University Education for Business and Technology